000 00315nam a22001337a 4500
999 _c14054
_d14054
020 _a9781292094939
082 _a612
100 _aDee Unglaub Silverthorn
245 _aHuman Physiology: An Integrated Approach
250 _a7th ed.
260 _aUK
_bPearson Education
_c2015
300 _a960 pages
942 _cBK